Holy mountain (Record no. 1078949)

MARC details
000 -LEADER
fixed length control field 00997nam a2200325Ia 4500
003 - CONTROL NUMBER IDENTIFIER
control field OSt
005 - DATE AND TIME OF LATEST TRANSACTION
control field 20221006144109.0
008 - FIXED-LENGTH DATA ELEMENTS--GENERAL INFORMATION
fixed length control field 221006b |||||||| |||| 00| 0 eng d
037 ## - SOURCE OF ACQUISITION
Terms of availability Textual
040 ## - CATALOGING SOURCE
Original cataloging agency EASL
Transcribing agency EASL
Language of cataloging eng
041 ## - LANGUAGE CODE
Source of code eng
Language code of text/sound track or separate title eng
100 ## - MAIN ENTRY--PERSONAL NAME
Personal name HAMSA Bhagwan Shri
245 #0 - TITLE STATEMENT
Title Holy mountain
Remainder of title Mansarovar and the Mount Kailas
260 ## - PUBLICATION, DISTRIBUTION, ETC.
Place of publication, distribution, etc. Delhi
Name of publisher, distributor, etc. Indian Bibliographies Bureau
Date of publication, distribution, etc. 1986
300 ## - PHYSICAL DESCRIPTION
Extent 203p.
Dimensions cm.
490 ## - SERIES STATEMENT
Volume/sequential designation Gen
650 ## - SUBJECT ADDED ENTRY--TOPICAL TERM
Topical term or geographic name entry element Mansarovar and the Mount Kailas
9 (RLIN) 650856
650 ## - SUBJECT ADDED ENTRY--TOPICAL TERM
Topical term or geographic name entry element Pilgrimage to Mansarovar
9 (RLIN) 650857
650 ## - SUBJECT ADDED ENTRY--TOPICAL TERM
Topical term or geographic name entry element pilgrimage to the Mount Kailas
9 (RLIN) 650858
650 ## - SUBJECT ADDED ENTRY--TOPICAL TERM
Topical term or geographic name entry element The Mansarovar
9 (RLIN) 650859
650 ## - SUBJECT ADDED ENTRY--TOPICAL TERM
Topical term or geographic name entry element The Holy Mountain
9 (RLIN) 650860
700 ## - ADDED ENTRY--PERSONAL NAME
Personal name SWAMI Purohit Tr.
9 (RLIN) 650861
942 ## - ADDED ENTRY ELEMENTS (KOHA)
Classification part Q:4198.498.g7K, M6
Koha item type Textual
Source of classification or shelving scheme Colon Classification (CC)
Holdings
Withdrawn status Lost status Source of classification or shelving scheme Damaged status Not for loan Home library Current library Date acquired Cost, normal purchase price Serial Enumeration / chronology Total Checkouts Full call number Barcode Date last seen Cost, replacement price Price effective from Koha item type
    Colon Classification (CC)     Department of East Asian Studies Library Department of East Asian Studies Library 2022-10-06 120.00 Gen   Q:4198.498.g7K M6 EA0792010 2022-10-06 120.00 2022-10-06 Textual
Copyright @ Delhi University Library System